|
|
|
|
| LEADER |
00000naa2a2200000 4500 |
| 001 |
385360 |
| 005 |
20231101063346.0 |
| 035 |
|
|
|a (RuTPU)RU\TPU\prd\13212
|
| 090 |
|
|
|a 385360
|
| 100 |
|
|
|a 20030429a2003 k y0rusy50 ca
|
| 101 |
0 |
|
|a rus
|
| 102 |
|
|
|a RU
|
| 200 |
1 |
|
|a Состояние и перспективы развития катодного материаловедения для мощных СВЧ ЭВП
|f В. П. Марин
|
| 320 |
|
|
|a Библиогр.: 16 назв.
|
| 461 |
|
1 |
|0 (RuTPU)RU\TPU\prd\1139
|t Наукоемкие технологии
|o научно-технический журнал
|d 2001-
|
| 463 |
|
1 |
|0 (RuTPU)RU\TPU\prd\13055
|t № 2
|v С. 8-16
|d 2003
|
| 610 |
1 |
|
|a катодное материаловедение
|
| 610 |
1 |
|
|a состояние
|
| 610 |
1 |
|
|a перспективы
|
| 610 |
1 |
|
|a электровакуумные приборы
|
| 610 |
1 |
|
|a СВЧ ЭВП
|
| 610 |
1 |
|
|a металлокерамические катоды
|
| 610 |
1 |
|
|a синтерированные катоды
|
| 610 |
1 |
|
|a катодно-подогревательные узлы
|
| 610 |
1 |
|
|a металлосплавные катоды
|
| 610 |
1 |
|
|a физикохимия
|
| 610 |
1 |
|
|a термоэмиссионные катоды
|
| 610 |
1 |
|
|a вторично-эмиссионные катоды
|
| 675 |
|
|
|a 621.3.032.21
|v 3
|
| 675 |
|
|
|a 621.3.032.21
|v 3
|
| 700 |
|
1 |
|a Марин
|b В. П.
|g Владимир Петрович
|
| 801 |
|
1 |
|a RU
|b 63413507
|c 20030429
|g PSBO
|
| 801 |
|
2 |
|a RU
|b 63413507
|c 20030430
|g PSBO
|
| 942 |
|
|
|c BK
|